Statistics for Ancient Battles - Map Quiz

Click here to take the quiz!

General Stats

  • This quiz has been taken 85 times
  • The average score is 7 of 16

Answers on the Map

Answers color-coded by a green-red scale on the quiz's map according to % correct below.
 

Answer Stats

Answer% Correct
Battle of the Teutoburg Forest
81%
Battle of Cannae
79%
Battle of Zama
67%
Battle of Alesia
65%
Battle of Gaugamela
62%
Battle of Valentia
59%
Battle of Salamis
56%
Battle of the Hydaspes
49%
Battle of Kadesh
48%
Battle of Ipsus
38%
Battle of Hormozdgan
37%
Battle of Fei
29%
Battle of Histria
21%
Battle of Jushi
19%
Battle of Zhizhi
17%
Battle of Bitter Lakes
14%

Score Distribution

Percentile by Number Answered

Percent of People with Each Score

Your Score History

You have not taken this quiz